书目信息 |
| 题名: |
工会群众劳动保护工作
|
|
| 作者: | ;中华全国总工会劳动保护部 编 | |
| 分册: | ||
| 出版信息: | 北京 工人出版社 1980 |
|
| 页数: | 361页 | |
| 开本: | 19cm | |
| 丛书名: | ||
| 单 册: | ||
| 中图分类: | D412.3 | |
| 科图分类: | ||
| 主题词: | 工人运动 , 工人群众组织 | |
| 电子资源: | ||
| ISBN: | ||
| 000 | 00649nam0 2200217 45 | |
| 001 | 0405200982 | |
| 005 | 20060522161044.37 | |
| 010 | @dCNY0.85 | |
| 091 | @a3007.370 | |
| 100 | @a20040520d1980 km y0chiy0120 ea | |
| 101 | 0 | @achi |
| 200 | 1 | @a工会群众劳动保护工作@AGong Hui Qun Zhong Lao Dong Bao Hu Gong Zuo@f中华全国总工会劳动保护部编@FZhong Hua Quan Guo Zong Gong Hui Lao Dong Bao Hu Bu Bian |
| 210 | @a北京@c工人出版社@d1980 | |
| 215 | @a361页@d19cm | |
| 306 | @a内部发行 | |
| 606 | 0 | @a工人运动 |
| 606 | 0 | @a工人群众组织 |
| 690 | @aD412.3@v3 | |
| 711 | 02 | @a中华全国总工会劳动保护部@4编 |
| 801 | @aCN@bTSTCL@c20060522 | |
| 905 | @dD412.3@e19 | |
| 工会群众劳动保护工作/中华全国总工会劳动保护部编.-北京:工人出版社,1980 |
| 361页;19cm |
| ISBN :CNY0.85 |
| ● |
| 相关链接 |
|
|
|
|
正题名:工会群众劳动保护工作
索取号:D412.3/19
 
预约/预借
| 序号 | 登录号 | 条形码 | 馆藏地/架位号 | 状态 | 备注 |
| 1 | 0055644 | 000382874 | 第一借阅区/ [索取号:D412.3/19] | 在馆 | |
| 2 | 0055645 | 202368259 | 密集书库/ [索取号:D412.3/19] | 在馆 |